000 01583nam0a22002891 4500
001 rc\4588684
005 20260407135121.0
021 _aRU
_bРг520-66
035 _a(NLR Aleph) 008660467
090 _a9058236
_c9058236
100 _a20130416d1965 |||y0rusy50 ca
101 0 _arus
102 _aRU
105 _aa z |||||
200 1 _a[Методика магнитографического контроля сварных стыков магистральных трубопроводов]
_eДополнения...
_fГос. производ. ком. по газовой пром. СССР. Техн. упр. Всесоюз. науч.-исслед. ин-т по строительству магистральных трубопроводов "ВНИИСТ". Лаборатория сварки
210 _aМосква
_cБ. и.
_d1965
215 _a8 с.
_cил.
_d19
300 _aНа тит. л. загл.: Дополнения к Методике магистрального контроля
300 _aОтпеч. множит. аппаратом
517 0 _aДополнения к Методике магистрального контроля
604 _150010$aМетодика магистрального контроля
_tМетодика магистрального контроля
712 0 2 _aВНИИ по строительству магистральных трубопроводов
_3RU\NLR\AUTH\8810003598
_9504477
801 0 _aRU
_bNLR
_gpsbo
801 1 _aRU
_bELAR
_2rusmarc
852 _aNLR
_j64-4/17547
942 _cBOOK
980 _aNB